IPD UK monthly index - January - December 2000 (Record no. 100264)
[ view plain ]
| 000 -LEADER | |
|---|---|
| fixed length control field | 00692cam a2200265 4500 |
| 001 - CONTROL NUMBER | |
| control field | J60424 |
| 008 - FIXED-LENGTH DATA ELEMENTS--GENERAL INFORMATION | |
| fixed length control field | 000000n2000 000 0 eng u |
| 035 ## - SYSTEM CONTROL NUMBER | |
| System control number | (Sirsi) u104580 |
| 041 ## - LANGUAGE CODE | |
| Language code of text/sound track or separate title | eng |
| 050 ## - LIBRARY OF CONGRESS CALL NUMBER | |
| Classification number | 333.33016 |
| 110 ## - MAIN ENTRY--CORPORATE NAME | |
| Corporate name or jurisdiction name as entry element | Investment Property Databank |
| 9 (RLIN) | 2288 |
| 245 ## - TITLE STATEMENT | |
| Title | IPD UK monthly index - January - December 2000 |
| 260 ## - PUBLICATION, DISTRIBUTION, ETC. | |
| Place of publication, distribution, etc. | London |
| Name of publisher, distributor, etc. | IPD |
| Date of publication, distribution, etc. | 2000 |
| 300 ## - PHYSICAL DESCRIPTION | |
| Extent | 12pt. ; 30cm. |
| 650 ## - SUBJECT ADDED ENTRY--TOPICAL TERM | |
| Topical term or geographic name entry element | CAPITAL VALUES |
| 650 ## - SUBJECT ADDED ENTRY--TOPICAL TERM | |
| Topical term or geographic name entry element | INDUSTRIAL PROPERTY |
| 650 ## - SUBJECT ADDED ENTRY--TOPICAL TERM | |
| Topical term or geographic name entry element | OFFICES |
| 650 ## - SUBJECT ADDED ENTRY--TOPICAL TERM | |
| Topical term or geographic name entry element | PROPERTY INDICES |
| 650 ## - SUBJECT ADDED ENTRY--TOPICAL TERM | |
| Topical term or geographic name entry element | RENTS |
| 650 ## - SUBJECT ADDED ENTRY--TOPICAL TERM | |
| Topical term or geographic name entry element | RETAIL PROPERTY |
| 650 ## - SUBJECT ADDED ENTRY--TOPICAL TERM | |
| Topical term or geographic name entry element | YIELDS |
| 690 ## - LOCAL SUBJECT ADDED ENTRY--TOPICAL TERM (OCLC, RLIN) | |
| Topical term or geographic name as entry element | PROPERTY-COMMERCIAL PROPERTY |
| 856 ## - ELECTRONIC LOCATION AND ACCESS | |
| Uniform Resource Identifier | <a href="https://www.ipdindex.co.uk">https://www.ipdindex.co.uk</a> |
| 942 ## - ADDED ENTRY ELEMENTS (KOHA) | |
| Suppress in OPAC | 0 |
| Withdrawn status | Lost status | Source of classification or shelving scheme | Damaged status | Not for loan | Home library | Current library | Shelving location | Date acquired | Total Checkouts | Full call number | Barcode | Date last seen | Copy number | Price effective from | Koha item type |
|---|---|---|---|---|---|---|---|---|---|---|---|---|---|---|---|
| Dewey Decimal Classification | London | London | Property market reports | 06/03/2000 | PROPERTY MARKET REPORTS | 30060424 | 06/08/2019 | 1 | 06/08/2019 | Reference material | |||||
| Dewey Decimal Classification | London | London | Property market reports | 23/03/2000 | PROPERTY MARKET REPORTS | 30060792 | 06/08/2019 | 3 | 06/08/2019 | Reference material | |||||
| Dewey Decimal Classification | London | London | Property market reports | 10/05/2000 | PROPERTY MARKET REPORTS | 30061261 | 06/08/2019 | 6 | 06/08/2019 | Reference material | |||||
| Dewey Decimal Classification | London | London | Property market reports | 06/06/2000 | PROPERTY MARKET REPORTS | 30061594 | 06/08/2019 | 7 | 06/08/2019 | Reference material | |||||
| Dewey Decimal Classification | London | London | Property market reports | 12/07/2000 | PROPERTY MARKET REPORTS | 30061520 | 06/08/2019 | 8 | 06/08/2019 | Reference material | |||||
| Dewey Decimal Classification | London | London | Property market reports | 08/08/2000 | PROPERTY MARKET REPORTS | 30062072 | 06/08/2019 | 11 | 06/08/2019 | Reference material | |||||
| Dewey Decimal Classification | London | London | Property market reports | 13/09/2000 | PROPERTY MARKET REPORTS | 30062205 | 06/08/2019 | 12 | 06/08/2019 | Reference material | |||||
| Dewey Decimal Classification | London | London | Property market reports | 10/10/2000 | PROPERTY MARKET REPORTS | 30062364 | 06/08/2019 | 13 | 06/08/2019 | Reference material | |||||
| Dewey Decimal Classification | London | London | Property market reports | 10/10/2000 | PROPERTY MARKET REPORTS | 30062365 | 06/08/2019 | 14 | 06/08/2019 | Reference material | |||||
| Dewey Decimal Classification | London | London | Property market reports | 07/12/2000 | PROPERTY MARKET REPORTS | 30063037 | 06/08/2019 | 15 | 06/08/2019 | Reference material | |||||
| Dewey Decimal Classification | London | London | Property market reports | 10/01/2001 | PROPERTY MARKET REPORTS | 30063233 | 06/08/2019 | 16 | 06/08/2019 | Reference material | |||||
| Dewey Decimal Classification | London | London | Property market reports | 15/02/2001 | PROPERTY MARKET REPORTS | 30063595 | 06/08/2019 | 17 | 06/08/2019 | Book |